Les assises (notice n° 1597440)

détails MARC
000 -LEADER
fixed length control field 02130cam a2200169 4500500
005 - DATE AND TIME OF LATEST TRANSACTION
control field 20251228074306.0
041 ## - LANGUAGE CODE
Language code of text/sound track or separate title fre
042 ## - AUTHENTICATION CODE
Authentication code dc
100 10 - MAIN ENTRY--PERSONAL NAME
Personal name Labouret, Mireille
Relator term author
245 00 - TITLE STATEMENT
Title Les assises
260 ## - PUBLICATION, DISTRIBUTION, ETC.
Date of publication, distribution, etc. 2018.<br/>
500 ## - GENERAL NOTE
General note 33
520 ## - SUMMARY, ETC.
Summary, etc. Si l’on admet avec M. Butor que les objets sont le « squelette externe » de la réalité humaine, et la chaise la « colonne vertébrale externe » qui permet à l’homme – et à la femme ‒ de se tenir assis, il est utile d’être attentif aux représentations des assises – sièges et personnages confondus. Lues selon un code sociologique et esthétique, elles participent du classement typologique des espèces sociales et contribuent au jugement esthétique. Envisagées dans une perspective physiologique et morale, elles marquent le passage de l’habitat aristocratique en crise à l’avènement de l’espace bourgeois. Soumises au code herméneutique, elles relèvent de ce détail cher à Balzac qui sert à lire les œuvres et à les relier entre elles.
520 ## - SUMMARY, ETC.
Summary, etc. If one concurs with Michel Butor who maintained that objects are the “external skeleton” of human reality and that the chair is the “external backbone” that enables men – and women – to remain seated, it will be useful to take note of Balzac’s representations of the sitting position – whether of actual seats or of people seated. Seen in terms of sociological and aesthetic codes, seats and sitting contribute to the typological classification of social categories and to their aesthetic evaluation. Seen from a physiological and psychological perspective, they chart the transition from an endangered aristocratic modus vivendi to the rise of bourgeois demarcations of space. When viewed from a hermeneutic perspective, seats and sitting illustrate the kind of detail valued by Balzac in the interpretation of his works and of the connections between them.
786 0# - DATA SOURCE ENTRY
Note L'Année balzacienne | 18 | 1 | 2018-01-08 | p. 203-218 | 0084-6473
856 41 - ELECTRONIC LOCATION AND ACCESS
Uniform Resource Identifier <a href="https://shs.cairn.info/revue-l-annee-balzacienne-2017-1-page-203?lang=fr&redirect-ssocas=7080">https://shs.cairn.info/revue-l-annee-balzacienne-2017-1-page-203?lang=fr&redirect-ssocas=7080</a>

Pas d'exemplaire disponible.

PLUDOC

PLUDOC est la plateforme unique et centralisée de gestion des bibliothèques physiques et numériques de Guinée administré par le CEDUST. Elle est la plus grande base de données de ressources documentaires pour les Étudiants, Enseignants chercheurs et Chercheurs de Guinée.

Adresse

627 919 101/664 919 101

25 boulevard du commerce
Kaloum, Conakry, Guinée

Réseaux sociaux

Powered by Netsen Group @ 2025